000 01313nam a2200229Ia 4500
999 _c37462
_d37462
001 3423
003 GE_BSU
005 20190613193538.0
008 181216s||||||||xx |||||||||||||| ||und||
020 _a9789994025596
040 _cGE_BSU
080 _a634.32
100 _aლამპარაძე, შოთა.
_91795
245 _aმანდარინის საადრეო ჯიშის-ტიახარა უნშიუს მოვლა-მოყვანის პროგრესული ტექნოლოგიები :
_b(ფერმერთა დასახმარებლად) /
_cშოთა ლამპარაძე, რეზო ჯაბნიძე ; რედ. ოთარ შაინიძე.
264 _aბათუმი :
_bშოთა რუსთაველის უნ-ტის გამ-ბა,
_c2008.
300 _a54 გვ. :
_bფოტ. ;
_c20 სმ.
653 _aმანდარინის მოვლა-მოყვანის ტექნოლოგიები
653 _aმანდარინის ჯიშები
700 _aჯაბნიძე, რეზო
_eავტორი
_92484
700 _aშაინიძე, ოთარ
_eრედაქტორი
_91155
942 _cBK
_2udc